000 01690nam a2200529 i 4500
001 51221
003 KOSZ 005
005 20220401124951.0
008 050221s2005 pl a |000 0 pol
015 _aUWD 2005/10452
020 _a8373510796
035 _a991026128039705066
035 _a(PL-WaBN)b17107969-48omnis_nlop
035 _ab17107969
035 _a(OCoLC)749560962
035 _azz2005826354
035 _a(PL)b0000001710796
035 _a(EXLNZ-48OMNIS_NETWORK)9910151192005606
040 _aWA N
_cWA N
_dWA N
_dKOSZ 005/HR
041 0 _apol
_beng
046 _k2005
080 _a658.56
080 _a621.01
080 _a(075.8)
100 1 _aKuzioła, Antoni
_eAutor
245 1 0 _aZarządzanie jakością w przemyśle maszynowym /
_cAntoni Kuzioła.
260 _aRadom :
_bPolitechnika Radomska. Wydaw.,
_ccop. 2005.
300 _a187 s. :
_brys., wykr. ;
_c24 cm.
336 _aTekst
_btxt
_2rdacontent
337 _aBez urządzenia pośredniczącego
_bn
_2rdamedia
338 _aWolumin
_bnc
_2rdacarrier
380 _aKsiążki
388 _a2001-
500 _aNazwa wydawcy w cop.
504 _aBibliogr. s. 158-159.
546 _aStreszcz. ang.
650 7 _aKontrola jakości
_2DBN
650 7 _aZarządzanie jakością
_2DBN
650 7 _aProdukcja
655 7 _aPodręczniki akademickie
_2DBN
658 _aInżynieria i technika
658 _aZarządzanie i marketing
710 2 _aWydawnictwo Politechniki Radomskiej
856 _uhttp://koha.tu.koszalin.pl/cgi-bin/koha/opac-detail.pl?biblionumber=51221
_yKatalog online BPK
942 _2UKD
_cKS
999 _c51221
_d51221